| 000 | 01014nam a2200289 a 4500 | ||
|---|---|---|---|
| 001 | BRL_1379 | ||
| 005 | 20190320211156.0 | ||
| 008 | 090114s1999----u--ao#####---#000-0#eng-# | ||
| 020 | _a0891780793 | ||
| 041 | _aeng | ||
| 044 | _au | ||
| 050 | 4 |
_aGT625 _b.W67 1999 |
|
| 100 | 1 |
_aWorth, William _d1938- _926695 |
|
| 245 | 1 | 0 |
_aSarape textiles from Historic México _bthe Mexican sarape : a history _cby William Wroth ; photography by David Ulmer. |
| 260 |
_a[St. Louis, Mo.] _bThe Saint Louis Art Museum _c1999 |
||
| 300 |
_a88 p. _bil., mapas _c28 cm. |
||
| 500 | _aAu1631 | ||
| 500 | _aCatálogo de la exposición realizada en St. Louis Art Museum, May 4-November 28, 1999 | ||
| 504 | _aBibliografía: p. 81-85 | ||
| 650 | 1 | 4 |
_aSarapes _vExposiciones _zMéxico _94736 |
| 650 | 1 | 4 |
_aPrendas de vestir _vExposiciones _zMéxico _926696 |
| 650 | 1 | 4 |
_aTejido a mano _vExposiciones _zMéxico _926697 |
| 700 | 1 |
_aPerkins, Zoe Annis _926698 |
|
| 700 | 1 |
_aUlmer, David _eil. _926699 |
|
| 902 | _aGRL | ||
| 942 |
_2lcc _cB |
||
| 999 |
_c10190 _d10190 |
||